"Lecturas activas. 4ª Parte de ""Nueva Cartilla""."

Salvato in:
Dettagli Bibliografici
Autore principale: Trillo Torrija. Autor e Ilustraciones
Natura: Sconosciuto
Lingua:spagnolo
Pubblicazione: Madrid A. Aguado 1943
Catalogo:MANES:  Risultati della ricerca del catalogo della biblioteca
Libro di testo Classificazione:
Tags: Aggiungi Tag
Nessun Tag, puoi essere il primo ad aggiungerne!!
Aggiunto a:2016-04-26
Cambiato in:2025-05-07

MARC

LEADER 000000000a22000000004500
001 07119
003 OSt
005 20250507133311.0
008 160427s sp ||||| |||| 00| 0 spa d
040 |c centro_manes 
041 1 |a spa 
561 |5 es-CICE  |a España. Centro Internacional de la Cultura Escolar  |k MANES 
691 0 |a PRI 
100 1 |a Trillo Torrija. Autor e Ilustraciones  |9 3376 
245 0 0 |a "Lecturas activas. 4ª Parte de ""Nueva Cartilla""." 
260 3 |a Madrid  |b A. Aguado  |c 1943 
300 |a 79 p.  |c 21,5 x 16 cm 
690 0 |a EyL 
942 |2 ddc  |c BK 
546 |a España 
999 |c 13093  |d 13093 
999 |c manes:13093  |d 13093